000 00681nam a22002417a 4500
005 20170124110227.0
010 _aB-162109
020 _c790.00
_a8171771688
035 _aB-162109
037 _bCen Lib/Ret
040 _aDPL
_bEN
082 _a341.54029
_bDAS
100 _aDas, M.N.
_920339
245 _aLaw relating to partition /
_cby M.N. Das
250 _a6th ed
260 _aCalcutta
_bEastern law house
_c1972
270 _bCalcutta
_a54 Ganesh Chunder avenue
_e700013
300 _a819p.
_c23cm(Hb)
500 _aIncludes appendix and index
650 _aLaw
_9104
650 _aPartition law
_940993
942 _2ddc
_cEN
_h341.54029
_mDAS
999 _c134529
_d134529